Normal view MARC view
  • Murthy HV Sreenivasa

Entry Personal Name

Number of records used in: 1

001 - CONTROL NUMBER

  • control field: 5709

003 - CONTROL NUMBER IDENTIFIER

  • control field: OSt

005 - DATE AND TIME OF LATEST TRANSACTION

  • control field: 20200521135634.0

008 - FIXED-LENGTH DATA ELEMENTS

  • fixed length control field: 200521|| aca||aabn | a|a d

040 ## - CATALOGING SOURCE

  • Original cataloging agency: OSt
  • Transcribing agency: OSt

100 ## - HEADING--PERSONAL NAME

  • Personal name: Murthy HV Sreenivasa

670 ## - SOURCE DATA FOUND

  • Source citation: Work cat.: (OSt): Murthy HV Sreenivasa, History of India Part-I (For Law Student), 2019